Quick Pick: South American Rivers Quiz Stats

 Plays Quiz Updated Sep 15, 2017

Challenge
Share
Tweet
Embed
Score 0/12 Timer 01:00
1 Play Today
% Correct
Amazon
97.3%
Rio Negro
92.6%
Río Bueno
91.7%
Parnaíba
88.9%
Puelo
87.3%
Orinoco
85.8%
Aconcagua
84.3%
Maipo
80.7%
Atrato
77.5%
Valdivia
67.3%
Chubut
62.9%
Maule
60.1%

Today's Daily Dose

You're not logged in!

Compare scores with friends on all Sporcle quizzes.
Join for Free
OR
Log In

You Might Also Like...

Show Comments

Extras

Top Quizzes Today


Score Distribution

Your Account Isn't Verified!

In order to create a playlist on Sporcle, you need to verify the email address you used during registration. Go to your Sporcle Settings to finish the process.

Report this User

Report this user for behavior that violates our Community Guidelines.

Details: